| 000 | 01454cad a22002055a 4500 | ||
|---|---|---|---|
| 001 | E153576 | ||
| 008 | 110808e20110413xxk 000 0 eng d | ||
| 035 | _a(Sirsi) u153576 | ||
| 041 | 0 | _aeng | |
| 245 | 0 | 0 |
_aCorporation of the Hall of Arts and Sciences v The Albert Court Residents Association and Others and Westminster City Council _h[electronic resource] |
| 260 | _c2011 | ||
| 520 | _a[2011] EWCA Civ 430, 13 April 2011. Relates to an application by C to vary the licensing conditions at the Albert Hall. Westminster Council granted the variation, and discounted objections from The Albert Court Residents Association (A) because they were received after the deadline. A contended that they had not been notified of the application by Westminster BC (W) as they should have been, and appealed against the decision. The previous judge found for A. W and C appealed. "Held": W were under no obligation to notify local residents of the application: that obligation rested with C, who had complied with it. W were therefore within their rights to allow the application, and the appeal was allowed. | ||
| 590 | _aKA | ||
| 650 | 2 | 4 | _aLICENSING ACT 2003 |
| 650 | 2 | 4 | _aLICENSING ACT 2003 (PREMISES LICENCES AND CLUB PREMISES CERTIFICATES) REGULATIONS 2005 |
| 651 | 4 |
_aEngland and Wales _y1543- |
|
| 690 | _aENVIRONMENTAL AND LAND CONSULTANCY-PLANNING AND DEVELOPMENT | ||
| 856 | 4 | 0 | _uhttps://www.bailii.org/ew/cases/EWCA/Civ/2011/430.html |
| 942 | _n0 | ||
| 999 |
_c83318 _d83318 |
||